Le rouge et le noir: chronique de 1830

में बचाया:
ग्रंथसूची विवरण
मुख्य लेखक: Stendhal
स्वरूप: पुस्तक
भाषा:Undetermined
प्रकाशित: París, Francia Booking International 1993
विषय:
टैग: टैग जोड़ें
कोई टैग नहीं, इस रिकॉर्ड को टैग करने वाले पहले व्यक्ति बनें!

MARC

LEADER 00000nam a2200000Ia 4500
008 170316s9999 xx 000 0 und d
040 |a cru BVZT 
090 |a 840 S-20ro 
100 |a Stendhal 
245 |a Le rouge et le noir: chronique de 1830 
260 |a París, Francia 
260 |b Booking International 
260 |c 1993 
300 |a 511 páginas 
650 |a LITERATURA FRANCESA 
999 |c 8000  |d 8000 
942 |c 15 D  |h 840 S-20ro  |2 z